L'impératrice Marie-Louise: 1809-1815

Պահպանված է:
Մատենագիտական մանրամասներ
Հիմնական հեղինակ: Masson, Frédéric (autor)
Ձևաչափ: Գիրք
Լեզու:ֆրանսերեն
Հրապարակվել է: París Société d'Editions Litteraires et Artistiques 1906
Հրատարակություն:7a. ed
Շարք:Etudes Napoléoniennes
Խորագրեր:
Ցուցիչներ: Ավելացրեք ցուցիչ
Չկան պիտակներ, Եղեք առաջինը, ով նշում է այս գրառումը!

MARC

LEADER 00000cam a2200000 a 4500
001 UCE5411
003 CL-VaPUC
008 141230e19060000fr |||||||||||||||||fre|d
082 0 4 |a 944  |b MAS  |2 21 
100 |a Masson, Frédéric  |e autor  |9 578035 
245 1 2 |a L'impératrice Marie-Louise: 1809-1815 
250 |a 7a. ed 
300 |a 628 p 
942 |c BK 
945 |d 20141230 16:04:00  |a arojas 
260 |a París  |b Société d'Editions Litteraires et Artistiques  |c 1906 
600 0 |a Bonaparte, Napoleón   |9 317802 
650 0 |a Biografías  |9 255210 
650 0 |a Revolución francesa  |9 324244 
650 7 |a DOCUMENTOS HISTORICOS  |2 CL-VaPUC  |9 438868 
583 |a last modification  |c 20141230 16:04:00  |k Rodrigo Vera 
490 0 |a Etudes Napoléoniennes 
999 |c 358139  |d 358137 
952 |0 0  |1 0  |3 erd  |4 0  |6 944_000000000000000_MAS_1906  |7 0  |8 X  |9 466649  |a FDOBUD  |b FDOBUD  |i 515023K  |o 944 MAS 1906  |p 515023K  |r 2019-11-23  |w 2019-11-23  |y BK_X  |z Catalogado en:20141230  |k BUD